Concepts of nuclear physics (Record no. 22790)

MARC details
000 -LEADER
fixed length control field 00916nam a2200301Ia 4500
003 - CONTROL NUMBER IDENTIFIER
control field OSt
005 - DATE AND TIME OF LATEST TRANSACTION
control field 20220912145101.0
008 - FIXED-LENGTH DATA ELEMENTS--GENERAL INFORMATION
fixed length control field 220909b |||||||| |||| 00| 0 eng d
020 ## - INTERNATIONAL STANDARD BOOK NUMBER
International Standard Book Number 9780070992498 (pbk)
037 ## - SOURCE OF ACQUISITION
Terms of availability Textual
040 ## - CATALOGING SOURCE
Original cataloging agency CSL
Language of cataloging eng
Transcribing agency CSL
041 ## - LANGUAGE CODE
Language code of text/sound track or separate title eng
100 ## - MAIN ENTRY--PERSONAL NAME
Personal name Cohen Bernard L
245 #0 - TITLE STATEMENT
Title Concepts of nuclear physics
260 ## - PUBLICATION, DISTRIBUTION, ETC.
Place of publication, distribution, etc. New York
Name of publisher, distributor, etc. Tata McGraw Hill Publishing Co.
Date of publication, distribution, etc. 1971
300 ## - PHYSICAL DESCRIPTION
Extent xii, 435p.
Dimensions cm.
500 ## - GENERAL NOTE
General note Appendix 411-423p.; Bibliographical references 424-426p.; Index 427-435p.
650 ## - SUBJECT ADDED ENTRY--TOPICAL TERM
Topical term or geographic name entry element Nuclear physics
650 ## - SUBJECT ADDED ENTRY--TOPICAL TERM
Topical term or geographic name entry element Nuclei
650 ## - SUBJECT ADDED ENTRY--TOPICAL TERM
Topical term or geographic name entry element Physics
942 ## - ADDED ENTRY ELEMENTS (KOHA)
Classification part C295, L1;11-;15
Koha item type Textual
Source of classification or shelving scheme Colon Classification (CC)
Holdings
Withdrawn status Lost status Damaged status Not for loan Home library Current library Date acquired Source of acquisition Total Checkouts Full call number Barcode Date due Date last seen Date last checked out Price effective from Koha item type
        Central Science Library Central Science Library 2022-09-12 1452, 05/08/2008, New India Book Agency 1 C295 L1;11-;15 SL1381732 2026-03-06 2026-02-20 2026-02-20 2022-09-12 Textual
Copyright @ Delhi University Library System